MARC

LEADER 00000nam0a2200000 4500
001 304035
005 20231102001648.0
020 |a RU  |b 83-24081 
035 |a (RuTPU)RU\TPU\book\329270 
090 |a 304035 
100 |a 20150909d1983 km y0rusy5003 ca 
101 0 |a rus 
102 |a UA 
105 |a a g 001zy 
200 1 |a Краткий справочник маляра-альфрейщика  |f Г. Н. Добровольский 
205 |a 4-е изд., испр. и доп. 
210 |a Киев  |c Будiвельник  |d 1983 
215 |a 224 с.  |c ил.  |d 20 см 
320 |a Библиогр.: с. 221 
606 1 |a Малярное дело  |2 stltpush  |3 (RuTPU)RU\TPU\subj\40960  |9 60784 
610 1 |a справочники 
610 1 |a декоративно-малярные работы 
610 1 |a материалы 
610 1 |a связующие материалы 
610 1 |a клеи 
610 1 |a пигменты 
610 1 |a краски 
610 1 |a лаки 
610 1 |a эмульсии 
610 1 |a инструменты 
610 1 |a штукатурка 
610 1 |a обойные работы 
610 1 |a окраска 
610 1 |a организация труда 
610 1 |a техника безопасности 
675 |a 698.1(035)  |z rus  |v 4 
700 1 |a Добровольский  |b Г. Н.  |g Георгий Николаевич  |4 070 
801 0 |a RU  |b RuMRKP  |c 19950704  |g psbo 
801 1 |a RU  |b 63413507  |c 20150909 
801 2 |a RU  |b 63413507  |c 20171002  |g RCR 
942 |c BK